ŠKODA jako sponzoringový benchmark
Pätnásťročné partnerstvo firmy Škoda Auto s majstrovstvami sveta v ľadovom hokeji. Jasné pravidlá sponzorovania ľadového hokeja. Efektívnosť prezentácie značky. Výhody a povinnosti.
Salvato in:
| Autore principale: | |
|---|---|
| Altri autori: | |
| Natura: | Capitolo di libro |
| Lingua: | ceco |
| Soggetti: | |
| Tags: |
Nessun Tag, puoi essere il primo ad aggiungerne!!
|
MARC
| LEADER | 00000naa$a2200000$$$4500 | ||
|---|---|---|---|
| 001 | 0067606 | ||
| 005 | 20231016105747.7 | ||
| 041 | 0 | |a cze | |
| 044 | |a CZ | ||
| 245 | 1 | 0 | |a ŠKODA jako sponzoringový benchmark |c Jaroslav Černý, Karel Pokorný |
| 520 | |a Pätnásťročné partnerstvo firmy Škoda Auto s majstrovstvami sveta v ľadovom hokeji. Jasné pravidlá sponzorovania ľadového hokeja. Efektívnosť prezentácie značky. Výhody a povinnosti. | ||
| 610 | 2 | 0 | |a sponzorovanie |
| 610 | 2 | 0 | |a reklama |
| 610 | 2 | 0 | |a marketing |
| 610 | 2 | 0 | |a šport |
| 610 | 2 | 0 | |a priemysel automobilový |
| 610 | 2 | 0 | |a Česko |
| 100 | 1 | |a Černý, Jaroslav | |
| 700 | 1 | |a Pokorný, Karel | |